[Event "Tromso ol (Men) 41st"]
[Site "Tromso"]
[Date "2014.08.02"]
[Round "1.1"]
[White "Rasmussen, Allan Stig"]
[Black "Shobaita, Ahmed"]
[Result "1-0"]
[WhiteElo "2522"]
[BlackElo "2067"]
[PlyCount "111"]
[EventDate "2014.08.02"]
[EventType "team-swiss"]
[EventRounds "11"]
[EventCountry "NOR"]
[Source "ChessBase"]
[SourceDate "2014.09.17"]
[WhiteTeam "Denmark"]
[BlackTeam "Palestine"]
[WhiteTeamCountry "DEN"]
[BlackTeamCountry "PLE"]

1. d4 Nf6 2. c4 e6 3. Nf3 Bb4+ 4. Nbd2 Ne4 5. Qb3 c5 6. dxc5 Qa5 7. e3 Nxd2 8.
Nxd2 Bxc5 9. Bd3 O-O 10. O-O f5 11. Qc2 Qc7 12. a3 Nc6 13. b4 Bd6 14. f4 b6 15.
Bb2 Bb7 16. Rac1 Rac8 17. c5 bxc5 18. bxc5 Be7 19. e4 Na5 20. Bd4 fxe4 21. Nxe4
Rxf4 22. Rxf4 Qxf4 23. Rf1 Qh6 24. Qe2 Rf8 25. Rxf8+ Kxf8 26. Be3 Qh4 27. g3
Qh3 28. Ng5 Bxg5 29. Bxg5 Kg8 30. Be3 Bd5 31. Bd2 Nc6 32. Bc3 Qh6 33. Bb2 g6
34. h4 Qf8 35. Qf2 Qxf2+ 36. Kxf2 Kf7 37. Bb5 h5 38. Ke3 Ba2 39. Bd3 Ne7 40.
Kf4 Nf5 41. Be5 Bb3 42. Kg5 Ne7 43. Bd6 Nf5 44. Bb8 a5 45. Bb5 Bd5 46. Bxd7 Nd4
47. Be5 Bc6 48. Bc8 Nc2 49. Bb2 e5 50. Ba6 Ne1 51. Bc4+ Ke7 52. Bxe5 Be4 53.
Bc3 Nd3 54. Bxa5 Nxc5 55. Bb4 Kd6 56. Bf7 1-0

[Event "Tromso ol (Men) 41st"]
[Site "Tromso"]
[Date "2014.08.02"]
[Round "1.2"]
[White "Miswadah, Baha"]
[Black "Aagaard, Jacob"]
[Result "0-1"]
[WhiteElo "1803"]
[BlackElo "2525"]
[PlyCount "88"]
[EventDate "2014.08.02"]
[EventType "team-swiss"]
[EventRounds "11"]
[EventCountry "NOR"]
[Source "ChessBase"]
[SourceDate "2014.09.17"]
[WhiteTeam "Palestine"]
[BlackTeam "Denmark"]
[WhiteTeamCountry "PLE"]
[BlackTeamCountry "DEN"]

1. e4 c5 2. Nf3 Nc6 3. d4 cxd4 4. Nxd4 Qb6 5. Nxc6 dxc6 6. Bd3 Nf6 7. Nc3 e5 8.
h3 Be7 9. O-O O-O 10. a3 Be6 11. Be3 Qc7 12. Rb1 Nd7 13. b4 a5 14. Ne2 c5 15.
c3 Rfd8 16. Qc1 Nb6 17. bxc5 Na4 18. Bb5 Nxc5 19. Bxc5 Bxc5 20. a4 Qe7 21. Qc2
Qg5 22. Kh1 Rd2 23. f4 Rxc2 24. fxg5 Be3 25. Rfd1 Bxg5 26. Bd3 Ra2 27. Bb5 g6
28. Ng1 Rc8 29. Nf3 Bf4 30. Ng1 Rxc3 31. Ne2 Rcc2 32. Nxf4 exf4 33. Bf1 Rcb2
34. Kg1 Rxb1 35. Rxb1 Rxa4 36. Rxb7 Rxe4 37. Ra7 a4 38. Bb5 Bb3 39. Kf2 Rb4 40.
Bc6 Rc4 41. Be8 Kf8 42. Ra8 Kg7 43. Bb5 Rc2+ 44. Kf3 Bd5+ 0-1

[Event "Tromso ol (Men) 41st"]
[Site "Tromso"]
[Date "2014.08.02"]
[Round "1.3"]
[White "Glud, Jakob Vang"]
[Black "Tamra, Attallah"]
[Result "1-0"]
[WhiteElo "2533"]
[BlackElo "2081"]
[PlyCount "145"]
[EventDate "2014.08.02"]
[EventType "team-swiss"]
[EventRounds "11"]
[EventCountry "NOR"]
[Source "ChessBase"]
[SourceDate "2014.09.17"]
[WhiteTeam "Denmark"]
[BlackTeam "Palestine"]
[WhiteTeamCountry "DEN"]
[BlackTeamCountry "PLE"]

1. c4 c5 2. g3 g6 3. Bg2 Bg7 4. Nc3 Nc6 5. a3 Nf6 6. Rb1 a5 7. e3 e5 8. Nge2 d6
9. O-O O-O 10. d3 Be6 11. Nd5 Rb8 12. Nec3 Bxd5 13. Nxd5 Nxd5 14. Bxd5 Ne7 15.
Bg2 d5 16. cxd5 Nxd5 17. Qb3 Ne7 18. Bd2 b6 19. Rfd1 Qd7 20. Be1 Rfd8 21. Rbc1
Qf5 22. Qb5 Qe6 23. b4 Qb3 24. Qc4 Qxc4 25. Rxc4 axb4 26. axb4 cxb4 27. Bxb4
Nd5 28. Be1 Bf8 29. Rb1 b5 30. Rc2 b4 31. Kf1 Nb6 32. Ke2 Na4 33. Rc4 Nc5 34.
Rbxb4 Rxb4 35. Bxb4 Nxd3 36. Bxf8 Kxf8 37. Be4 Nb2 38. Rb4 Nd1 39. Rb3 f5 40.
Bc6 Rc8 41. Bb7 Nc3+ 42. Kd2 Rc7 43. Ba8 Na4 44. h4 Nc5 45. Rb8+ Kg7 46. f3 Ra7
47. Kc3 Rc7 48. Kd2 h6 49. Ke2 Nd7 50. Rb5 Kf6 51. Ra5 Nc5 52. Bd5 Kg7 53. Ra8
Nd7 54. Ra6 Nf6 55. Bc6 Re7 56. e4 fxe4 57. fxe4 g5 58. Ke3 gxh4 59. gxh4 Nh5
60. Bd5 Nf4 61. Ra8 Ng2+ 62. Kf3 Nxh4+ 63. Kg4 Ng2 64. Ra3 Nf4 65. Kf5 Nxd5 66.
exd5 Kf7 67. d6 Rb7 68. Rc3 Rb6 69. Rc7+ Ke8 70. Ke6 Kd8 71. Ra7 Kc8 72. Ke7
Kb8 73. Ra4 1-0

[Event "Tromso ol (Men) 41st"]
[Site "Tromso"]
[Date "2014.08.03"]
[Round "2.1"]
[White "Kasimdzhanov, Rustam"]
[Black "Palo, Davor"]
[Result "1/2-1/2"]
[WhiteElo "2700"]
[BlackElo "2562"]
[PlyCount "61"]
[EventDate "2014.08.02"]
[EventType "team-swiss"]
[EventRounds "11"]
[EventCountry "NOR"]
[Source "ChessBase"]
[SourceDate "2014.09.17"]
[WhiteTeam "Uzbekistan"]
[BlackTeam "Denmark"]
[WhiteTeamCountry "UZB"]
[BlackTeamCountry "DEN"]

1. e4 c6 2. d4 d5 3. Nc3 dxe4 4. Nxe4 Bf5 5. Ng3 Bg6 6. Bc4 e6 7. N1e2 Bd6 8.
Nf4 Qh4 9. Nge2 Nd7 10. O-O O-O-O 11. g3 Qe7 12. c3 Bf5 13. Bd3 Bxd3 14. Nxd3
Ngf6 15. Re1 Rhe8 16. Nef4 Kb8 17. a4 e5 18. a5 a6 19. dxe5 Nxe5 20. Be3 Qd7
21. Bd4 Nxd3 22. Qxd3 Bxf4 23. gxf4 Ka8 24. Qf3 Nd5 25. f5 g6 26. f6 Rxe1+ 27.
Rxe1 Re8 28. Re4 Nc7 29. Qe2 Ne6 30. Bb6 Rg8 31. Re3 1/2-1/2

[Event "Tromso ol (Men) 41st"]
[Site "Tromso"]
[Date "2014.08.03"]
[Round "2.2"]
[White "Rasmussen, Allan Stig"]
[Black "Filippov, Anton"]
[Result "0-1"]
[WhiteElo "2522"]
[BlackElo "2615"]
[PlyCount "100"]
[EventDate "2014.08.02"]
[EventType "team-swiss"]
[EventRounds "11"]
[EventCountry "NOR"]
[Source "ChessBase"]
[SourceDate "2014.09.17"]
[WhiteTeam "Denmark"]
[BlackTeam "Uzbekistan"]
[WhiteTeamCountry "DEN"]
[BlackTeamCountry "UZB"]

1. Nf3 d5 2. c4 e6 3. g3 dxc4 4. Qa4+ Nd7 5. Bg2 a6 6. Qxc4 b5 7. Qb3 Bb7 8.
O-O Ngf6 9. Nc3 c5 10. d3 Be7 11. a4 b4 12. Nb1 a5 13. Qc2 O-O 14. Nbd2 Qb6 15.
b3 Nd5 16. Bb2 Bf6 17. Nc4 Qc7 18. d4 Nc3 19. Bxc3 bxc3 20. e3 cxd4 21. exd4 e5
22. dxe5 Nxe5 23. Nfxe5 Bxg2 24. Kxg2 Bxe5 25. Nxe5 Qxe5 26. f4 Qd5+ 27. Rf3
Rac8 28. Rd1 Qb7 29. Rdd3 Qe4 30. Kh3 Rfe8 31. Rf2 Rc6 32. Rdf3 Qd5 33. g4 h5
34. g5 Qd4 35. Kg2 g6 36. h3 Re3 37. f5 Qd5 38. fxg6 Qxg5+ 39. Kf1 Rxf3 40.
Rxf3 Qxg6 41. Rf2 Qxc2 42. Rxc2 Kf8 43. Ke2 Ke7 44. Kd3 Kd6 45. Kd4 h4 46. Rxc3
Rxc3 47. Kxc3 Kc5 48. b4+ axb4+ 49. Kb3 f5 50. a5 f4 0-1

[Event "Tromso ol (Men) 41st"]
[Site "Tromso"]
[Date "2014.08.03"]
[Round "2.3"]
[White "Dzhumaev, Marat"]
[Black "Aagaard, Jacob"]
[Result "1-0"]
[WhiteElo "2510"]
[BlackElo "2525"]
[PlyCount "183"]
[EventDate "2014.08.02"]
[EventType "team-swiss"]
[EventRounds "11"]
[EventCountry "NOR"]
[Source "ChessBase"]
[SourceDate "2014.09.17"]
[WhiteTeam "Uzbekistan"]
[BlackTeam "Denmark"]
[WhiteTeamCountry "UZB"]
[BlackTeamCountry "DEN"]

1. e4 e5 2. Nf3 Nf6 3. Nc3 Nc6 4. Bb5 Nd4 5. Ba4 c6 6. d3 a5 7. a3 b5 8. Bb3
Nxb3 9. cxb3 d6 10. d4 exd4 11. Nxd4 Bd7 12. Qf3 Ng4 13. O-O Qf6 14. Nf5 h5 15.
Re1 g6 16. Nxb5 O-O-O 17. Bg5 Qe5 18. Nbxd6+ Bxd6 19. Nxd6+ Qxd6 20. e5 Nxe5
21. Qf4 f6 22. Bxf6 Nf3+ 23. Qxf3 Rhf8 24. Be5 Rxf3 25. Bxd6 Rxb3 26. Be5 Rd3
27. Bc3 a4 28. f3 Bf5 29. h3 R3d5 30. Kf2 Kb7 31. Rac1 R8d7 32. Re3 Rd1 33.
Rxd1 Rxd1 34. g4 hxg4 35. hxg4 Bc2 36. Kg3 Rd3 37. Re6 Kc7 38. Rf6 Bd1 39. Rxg6
Rxf3+ 40. Kh4 Re3 41. Kg5 Kd7 42. Kh4 Re4 43. Bb4 Bb3 44. Kg3 Re3+ 45. Kf4 Re2
46. Rg7+ Ke8 47. Bc3 Re7 48. Rg6 Re6 49. Rg8+ Kf7 50. Ra8 Bc2 51. g5 Re4+ 52.
Kf3 Rc4 53. Rc8 Bf5 54. Rc7+ Ke6 55. Bf6 Be4+ 56. Ke3 Kf5 57. Rg7 Bd5 58. Bd4
Rc2 59. Bf6 Rg2 60. Ra7 Rg3+ 61. Kd4 Rg4+ 62. Kc5 Re4 63. Ra8 Kg6 64. Rh8 Kf5
65. Rf8 Kg6 66. Rh8 Kf5 67. Rh6 Re6 68. Kb6 Re1 69. Ka5 Re4 70. Rh2 Kg6 71. Rf2
Rc4 72. Be7 Re4 73. Bd8 Rg4 74. Rf8 Bb3 75. Rh8 Rg2 76. Rh6+ Kf5 77. Bf6 Rg4
78. Rh3 Bd5 79. Rh2 Kg6 80. Bd8 Rc4 81. Rh6+ Kg7 82. Bf6+ Kf7 83. Bc3 Rg4 84.
Rf6+ Ke7 85. Bb4+ Kd7 86. g6 Ke8 87. Rf8+ Kd7 88. Rf6 Ke8 89. Kb6 Kd7 90. Rd6+
Ke8 91. Kc7 Rg2 92. Rd8# 1-0

[Event "Tromso ol (Men) 41st"]
[Site "Tromso"]
[Date "2014.08.03"]
[Round "2.4"]
[White "Glud, Jakob Vang"]
[Black "Vakhidov, Jahongir"]
[Result "1-0"]
[WhiteElo "2533"]
[BlackElo "2471"]
[PlyCount "107"]
[EventDate "2014.08.02"]
[EventType "team-swiss"]
[EventRounds "11"]
[EventCountry "NOR"]
[Source "ChessBase"]
[SourceDate "2014.09.17"]
[WhiteTeam "Denmark"]
[BlackTeam "Uzbekistan"]
[WhiteTeamCountry "DEN"]
[BlackTeamCountry "UZB"]

1. c4 g6 2. g3 Bg7 3. Bg2 Nf6 4. Nc3 O-O 5. d3 c6 6. e4 a6 7. Nge2 b5 8. O-O e5
9. h3 d6 10. Be3 Be6 11. b3 Nh5 12. cxb5 axb5 13. d4 exd4 14. Nxd4 Bd7 15. g4
Nf6 16. b4 h5 17. g5 Nh7 18. Qd2 c5 19. bxc5 dxc5 20. Nf3 Bc6 21. Rac1 Qxd2 22.
Nxd2 Nd7 23. Rfd1 c4 24. Nf3 Rfc8 25. Nd5 Bf8 26. Rc2 Bxd5 27. Rxd5 Nc5 28. Nd4
Nd3 29. Rxb5 Nb4 30. Rxb4 Bxb4 31. e5 Ra3 32. Nc6 Bf8 33. Rxc4 Rca8 34. Bd5
Rxa2 35. e6 fxe6 36. Bxe6+ Kh8 37. Ne5 Re8 38. Nxg6+ Kg7 39. Rc7+ Kxg6 40. Bxa2
Rxe3 41. fxe3 Nxg5 42. Kg2 h4 43. Rc4 Kh5 44. Bb3 Bd6 45. Bd1+ Kg6 46. Rxh4 Bc5
47. Bc2+ Kf6 48. Kf2 Be7 49. Rh6+ Kg7 50. Rg6+ Kf8 51. h4 Nh7 52. h5 Nf6 53. h6
Bd8 54. Rg2 1-0

[Event "Tromso ol (Men) 41st"]
[Site "Tromso"]
[Date "2014.08.04"]
[Round "3.1"]
[White "Palo, Davor"]
[Black "Zaibi, Amir"]
[Result "1-0"]
[WhiteElo "2562"]
[BlackElo "2297"]
[PlyCount "71"]
[EventDate "2014.08.02"]
[EventType "team-swiss"]
[EventRounds "11"]
[EventCountry "NOR"]
[Source "ChessBase"]
[SourceDate "2014.09.17"]
[WhiteTeam "Denmark"]
[BlackTeam "Tunisia"]
[WhiteTeamCountry "DEN"]
[BlackTeamCountry "TUN"]

1. d4 d5 2. c4 e6 3. Nf3 c6 4. Qc2 dxc4 5. Qxc4 Nf6 6. g3 b5 7. Qc2 Bb7 8. Nbd2
Nbd7 9. Nb3 Rc8 10. Nc5 Nxc5 11. dxc5 Qa5+ 12. Bd2 b4 13. Rc1 Nd7 14. Bg2 Bxc5
15. O-O Qb6 16. Bf4 Be7 17. Rfd1 Nf6 18. Ne5 O-O 19. Nd7 Nxd7 20. Rxd7 Bf6 21.
Be4 g6 22. Be3 Qa6 23. Bd3 Qxa2 24. Rxb7 c5 25. b3 Qa3 26. Bc4 a5 27. Rd1 Rfd8
28. Rxd8+ Rxd8 29. Qe4 a4 30. Bxe6 Qa1+ 31. Kg2 fxe6 32. Qxe6+ Kh8 33. Bg5 Rf8
34. Rf7 Bxg5 35. Rxf8+ Kg7 36. Rg8+ 1-0

[Event "Tromso ol (Men) 41st"]
[Site "Tromso"]
[Date "2014.08.04"]
[Round "3.2"]
[White "Amdouni, Zoubaier"]
[Black "Aagaard, Jacob"]
[Result "0-1"]
[WhiteElo "2350"]
[BlackElo "2525"]
[PlyCount "126"]
[EventDate "2014.08.02"]
[EventType "team-swiss"]
[EventRounds "11"]
[EventCountry "NOR"]
[Source "ChessBase"]
[SourceDate "2014.09.17"]
[WhiteTeam "Tunisia"]
[BlackTeam "Denmark"]
[WhiteTeamCountry "TUN"]
[BlackTeamCountry "DEN"]

1. e4 c5 2. Nf3 e6 3. d4 cxd4 4. Nxd4 Nc6 5. Nc3 Qc7 6. Be3 a6 7. Qd2 Nf6 8.
O-O-O Bb4 9. f3 Ne7 10. a3 Bxc3 11. Qxc3 Qxc3 12. bxc3 d5 13. e5 Nd7 14. f4 b6
15. Nb3 Bb7 16. a4 Rc8 17. a5 b5 18. Bd4 f6 19. Bd3 fxe5 20. fxe5 O-O 21. Rde1
Nc6 22. Bc5 Nxc5 23. Nxc5 Nd8 24. Nb3 Rxc3 25. Rhf1 Rxf1 26. Rxf1 Rc7 27. Rf3
Rf7 28. Rh3 g6 29. Nd4 Rf4 30. c3 Rf2 31. Rg3 Nc6 32. Nf3 Nxa5 33. Kd1 Nc4 34.
Ke1 Rb2 35. h4 Ne3 36. Nd2 d4 37. h5 Nxg2+ 38. Kd1 Ne3+ 39. Kc1 dxc3 40. Nb1
Nd5 41. hxg6 hxg6 42. Nxc3 Rb3 43. Rxg6+ Kf7 44. Nxd5 Bxd5 45. Kc2 Ra3 46. Rh6
b4 47. Rh7+ Kf8 48. Ra7 a5 49. Bb5 a4 50. Bxa4 Bc6 51. Bxc6 Rxa7 52. Kb3 Ra5
53. Kxb4 Rxe5 54. Kc4 Ke7 55. Kd4 Kd6 56. Be4 Rh5 57. Bf3 Rh4+ 58. Be4 Rg4 59.
Ke3 Ke5 60. Bf3 Ra4 61. Be2 Ra3+ 62. Bd3 Kd5 63. Kd2 Kd4 0-1

[Event "Tromso ol (Men) 41st"]
[Site "Tromso"]
[Date "2014.08.04"]
[Round "3.3"]
[White "Glud, Jakob Vang"]
[Black "Bouzidi, Ahmed"]
[Result "1-0"]
[WhiteElo "2533"]
[BlackElo "2231"]
[PlyCount "103"]
[EventDate "2014.08.02"]
[EventType "team-swiss"]
[EventRounds "11"]
[EventCountry "NOR"]
[Source "ChessBase"]
[SourceDate "2014.09.17"]
[WhiteTeam "Denmark"]
[BlackTeam "Tunisia"]
[WhiteTeamCountry "DEN"]
[BlackTeamCountry "TUN"]

1. Nf3 c5 2. c4 Nc6 3. Nc3 g6 4. e3 Bg7 5. d4 d6 6. d5 Ne5 7. Nd2 Nh6 8. Be2
Nf5 9. g4 Nh6 10. h3 e6 11. f4 Nd7 12. Nde4 Nb6 13. dxe6 O-O 14. g5 Nf5 15.
exf7+ Rxf7 16. a4 Be6 17. Nd5 Bxd5 18. cxd5 Qe7 19. Bf3 Nc4 20. Qe2 Nh4 21.
Qxc4 Nxf3+ 22. Kd1 Re8 23. Ng3 Qd7 24. Ra3 Nh4 25. Qb5 Qc8 26. e4 c4 27. a5 Ng2
28. Rf1 Ref8 29. f5 Be5 30. Rf2 Nh4 31. Bf4 Bd4 32. Rc2 Bc5 33. Qxc4 Rc7 34. b4
Bxb4 35. Qxc7 Qxc7 36. Rxc7 Bxa3 37. f6 Rf7 38. Rc3 Bb4 39. Rc4 Ba3 40. Ke2 b5
41. axb6 axb6 42. Rc6 Ra7 43. Rc8+ Kf7 44. Rh8 Ng2 45. Rxh7+ Kg8 46. Rxa7 Nxf4+
47. Kf3 Bc1 48. Rc7 Nd3 49. h4 b5 50. Ne2 Ne5+ 51. Kg2 Be3 52. Rb7 1-0

[Event "Tromso ol (Men) 41st"]
[Site "Tromso"]
[Date "2014.08.04"]
[Round "3.4"]
[White "Bouaziz, Mehdi"]
[Black "Andersen, Mads"]
[Result "1/2-1/2"]
[WhiteElo "2246"]
[BlackElo "2477"]
[PlyCount "122"]
[EventDate "2014.08.02"]
[EventType "team-swiss"]
[EventRounds "11"]
[EventCountry "NOR"]
[Source "ChessBase"]
[SourceDate "2014.09.17"]
[WhiteTeam "Tunisia"]
[BlackTeam "Denmark"]
[WhiteTeamCountry "TUN"]
[BlackTeamCountry "DEN"]

1. d4 Nf6 2. Nf3 g6 3. Bf4 Bg7 4. h3 O-O 5. e3 c5 6. c3 d5 7. Be2 Nc6 8. O-O
Nd7 9. Nbd2 e5 10. dxe5 Ndxe5 11. Nxe5 Nxe5 12. Nf3 Nc6 13. Qb3 Na5 14. Qa3 Qb6
15. Rad1 Rd8 16. b4 cxb4 17. cxb4 Nc4 18. Qb3 Be6 19. Nd4 Rac8 20. Nxe6 fxe6
21. e4 Nb2 22. Rd2 Rf8 23. Be3 d4 24. Bg5 d3 25. Bxd3 Rc3 26. Qxb2 Rxd3 27. Qc2
Rc3 28. Qb1 Bd4 29. a4 e5 30. Bh6 Rf7 31. Rc2 Rxc2 32. Qxc2 Qc6 33. Qxc6 bxc6
34. Be3 Bxe3 35. fxe3 Rb7 36. Rb1 a5 37. b5 Rb6 38. Kf2 Kf7 39. Ke2 cxb5 40.
axb5 Ke7 41. Kd3 Rd6+ 42. Kc4 Kd7 43. b6 Kc8 44. Rb5 a4 45. Kb4 Rd3 46. Kxa4
Kb7 47. Rxe5 Kxb6 48. Kb4 Rxe3 49. Re6+ Kc7 50. Kc5 Kd7 51. Kd5 Ra3 52. Rb6
Ra5+ 53. Kd4 Rg5 54. Rb2 h5 55. Ke3 Ra5 56. Rb6 Rg5 57. g4 hxg4 58. Kf4 Ra5 59.
Kxg4 Re5 60. Rxg6 Rxe4+ 61. Kh5 Ke7 1/2-1/2

[Event "Tromso ol (Men) 41st"]
[Site "Tromso"]
[Date "2014.08.06"]
[Round "5.1"]
[White "Palo, Davor"]
[Black "Shirov, Alexei"]
[Result "1/2-1/2"]
[WhiteElo "2562"]
[BlackElo "2709"]
[PlyCount "79"]
[EventDate "2014.08.02"]
[EventType "team-swiss"]
[EventRounds "11"]
[EventCountry "NOR"]
[Source "ChessBase"]
[SourceDate "2014.09.17"]
[WhiteTeam "Denmark"]
[BlackTeam "Latvia"]
[WhiteTeamCountry "DEN"]
[BlackTeamCountry "LAT"]

1. d4 Nf6 2. c4 e6 3. Nf3 b6 4. g3 Bb4+ 5. Bd2 Bxd2+ 6. Nbxd2 Bb7 7. Bg2 c5 8.
O-O O-O 9. Qa4 Nc6 10. e3 cxd4 11. Nxd4 a6 12. Rfd1 Qc7 13. Nxc6 Bxc6 14. Bxc6
dxc6 15. Qc2 c5 16. Ne4 Nxe4 17. Qxe4 Rad8 18. b3 Rd6 19. Kf1 Rfd8 20. Ke2 g6
21. Qc2 e5 22. Rxd6 Qxd6 23. Rd1 Qxd1+ 24. Qxd1 Rxd1 25. Kxd1 e4 26. a4 a5 27.
Ke2 Kg7 28. Kf1 Kf6 29. Kg2 Kg5 30. h3 h5 31. Kh2 h4 32. Kg2 Kh5 33. Kh2 g5 34.
g4+ Kg6 35. Kg2 Kf6 36. Kh2 Ke5 37. Kg2 Ke6 38. Kh2 f5 39. Kg2 fxg4 40. hxg4
1/2-1/2

[Event "Tromso ol (Men) 41st"]
[Site "Tromso"]
[Date "2014.08.06"]
[Round "5.2"]
[White "Kovalenko, Igor"]
[Black "Rasmussen, Allan Stig"]
[Result "1-0"]
[WhiteElo "2650"]
[BlackElo "2522"]
[PlyCount "81"]
[EventDate "2014.08.02"]
[EventType "team-swiss"]
[EventRounds "11"]
[EventCountry "NOR"]
[Source "ChessBase"]
[SourceDate "2014.09.17"]
[WhiteTeam "Latvia"]
[BlackTeam "Denmark"]
[WhiteTeamCountry "LAT"]
[BlackTeamCountry "DEN"]

1. c4 e5 2. g3 d6 3. Nc3 f5 4. d4 Be7 5. Bg2 Nf6 6. Qb3 c6 7. Nf3 e4 8. Ng5 d5
9. O-O h6 10. Nh3 g5 11. f3 dxc4 12. Qxc4 b5 13. Qb3 exf3 14. exf3 Qxd4+ 15.
Nf2 f4 16. Re1 Bf5 17. gxf4 gxf4 18. Ne2 Qb4 19. Bxf4 Na6 20. Qe3 Kf7 21. a3
Qc5 22. Nd4 Nd5 23. Qe5 Bf6 24. Qxf5 Nxf4 25. Qd7+ Kf8 26. Re4 Rd8 27. Qxc6
Bxd4 28. Rxf4+ Kg7 29. Rg4+ Kf8 30. Rf4+ Kg7 31. Qe6 Rh7 32. Kh1 Kh8 33. Rd1
Nc7 34. Qh3 Rg7 35. Qh4 Rgd7 36. Rfxd4 Rxd4 37. Qxh6+ Kg8 38. Rg1 Kf7 39. Bh3
Rf8 40. Rc1 Rc4 41. Qh7+ 1-0

[Event "Tromso ol (Men) 41st"]
[Site "Tromso"]
[Date "2014.08.06"]
[Round "5.3"]
[White "Aagaard, Jacob"]
[Black "Miezis, Normunds"]
[Result "0-1"]
[WhiteElo "2525"]
[BlackElo "2524"]
[PlyCount "50"]
[EventDate "2014.08.02"]
[EventType "team-swiss"]
[EventRounds "11"]
[EventCountry "NOR"]
[Source "ChessBase"]
[SourceDate "2014.09.17"]
[WhiteTeam "Denmark"]
[BlackTeam "Latvia"]
[WhiteTeamCountry "DEN"]
[BlackTeamCountry "LAT"]

1. d4 Nf6 2. c4 e6 3. Nc3 Bb4 4. Qc2 d5 5. a3 Be7 6. Nf3 c5 7. dxc5 dxc4 8. e4
Nc6 9. Bxc4 Bxc5 10. O-O e5 11. b4 Bd4 12. Ba2 a6 13. Bg5 Bg4 14. Nxd4 Nxd4 15.
Qb2 h6 16. Be3 O-O 17. f3 Rc8 18. Rac1 Be6 19. Bxe6 fxe6 20. Na4 Rxc1 21. Rxc1
Qd6 22. Nc5 Rf7 23. Bxd4 exd4 24. Qb3 Qf4 25. Re1 Ng4 0-1

[Event "Tromso ol (Men) 41st"]
[Site "Tromso"]
[Date "2014.08.06"]
[Round "5.4"]
[White "Kantans, Toms"]
[Black "Glud, Jakob Vang"]
[Result "1/2-1/2"]
[WhiteElo "2496"]
[BlackElo "2533"]
[PlyCount "96"]
[EventDate "2014.08.02"]
[EventType "team-swiss"]
[EventRounds "11"]
[EventCountry "NOR"]
[Source "ChessBase"]
[SourceDate "2014.09.17"]
[WhiteTeam "Latvia"]
[BlackTeam "Denmark"]
[WhiteTeamCountry "LAT"]
[BlackTeamCountry "DEN"]

1. c4 Nf6 2. Nc3 e5 3. Nf3 Nc6 4. e3 Be7 5. d4 exd4 6. exd4 d5 7. cxd5 Nxd5 8.
Bd3 Bg4 9. O-O O-O 10. h3 Bxf3 11. Qxf3 Nf6 12. Rd1 Rb8 13. Be3 Nb4 14. Bc4 a5
15. Rac1 Qd7 16. a3 Na6 17. Bf4 b5 18. Bd3 Rb6 19. Qe2 b4 20. Ne4 Nd5 21. Nc5
Nxc5 22. dxc5 Re6 23. Qg4 Qa4 24. Qf5 Nf6 25. Bxc7 bxa3 26. bxa3 Qxa3 27. Bb6
Qb4 28. Qf3 g6 29. Rc4 Qb3 30. Bxa5 Nd7 31. Bc3 Nxc5 32. Bf1 Na4 33. Bd4 Qxf3
34. gxf3 Nb6 35. Bxb6 Rxb6 36. Rd7 Bd6 37. Rd4 Bc5 38. Rc4 Bd6 39. Rd4 Bb8 40.
Bc4 Rf6 41. Kg2 Kg7 42. Rb7 Bf4 43. Rdd7 h5 44. h4 Be5 45. Rb5 Bb8 46. Rbb7 Bd6
47. Bb3 Be5 48. Rb5 Bf4 1/2-1/2

[Event "Tromso ol (Men) 41st"]
[Site "Tromso"]
[Date "2014.08.08"]
[Round "6.1"]
[White "Machin Rivera, Mark"]
[Black "Rasmussen, Allan Stig"]
[Result "0-1"]
[WhiteElo "2341"]
[BlackElo "2522"]
[PlyCount "100"]
[EventDate "2014.08.02"]
[EventType "team-swiss"]
[EventRounds "11"]
[EventCountry "NOR"]
[Source "ChessBase"]
[SourceDate "2014.09.17"]
[WhiteTeam "Puerto Rico"]
[BlackTeam "Denmark"]
[WhiteTeamCountry "PUR"]
[BlackTeamCountry "DEN"]

1. c4 Nf6 2. g3 c6 3. Nf3 d5 4. Bg2 Bf5 5. cxd5 cxd5 6. Qb3 Nc6 7. O-O e5 8. d3
Qd7 9. Nc3 d4 10. Ne4 Nxe4 11. dxe4 Be6 12. Qa4 f6 13. Bd2 Be7 14. Rfc1 O-O 15.
Ne1 Rac8 16. Nd3 b6 17. h4 Rc7 18. Rc2 Rb8 19. Rcc1 Bd6 20. Qd1 Qf7 21. Kh2
Rbc8 22. Bh3 Bxh3 23. Kxh3 f5 24. f3 fxe4 25. fxe4 Qg6 26. Qh1 h5 27. Kh2 Rf8
28. Rf1 Rcf7 29. Rxf7 Rxf7 30. Qg2 Nb8 31. Rc1 Nd7 32. Rc6 Nf6 33. Bg5 Ng4+ 34.
Kg1 Qe6 35. b3 Qd7 36. Rc1 Be7 37. Bd2 Rf6 38. Rf1 Qc6 39. Rc1 Qb7 40. Rf1
Rxf1+ 41. Qxf1 Qxe4 42. Qf3 Qg6 43. Qd5+ Kh7 44. Kf1 Bd6 45. Kg2 e4 46. Nf4
Bxf4 47. Bxf4 d3 48. exd3 Nf6 49. Qd4 exd3 50. Bg5 Qe4+ 0-1

[Event "Tromso ol (Men) 41st"]
[Site "Tromso"]
[Date "2014.08.08"]
[Round "6.2"]
[White "Aagaard, Jacob"]
[Black "Almedina Ortiz, Edgardo J"]
[Result "1-0"]
[WhiteElo "2525"]
[BlackElo "2277"]
[PlyCount "85"]
[EventDate "2014.08.02"]
[EventType "team-swiss"]
[EventRounds "11"]
[EventCountry "NOR"]
[Source "ChessBase"]
[SourceDate "2014.09.17"]
[WhiteTeam "Denmark"]
[BlackTeam "Puerto Rico"]
[WhiteTeamCountry "DEN"]
[BlackTeamCountry "PUR"]

1. d4 Nf6 2. c4 g6 3. Nc3 Bg7 4. Nf3 O-O 5. Bg5 d6 6. e3 Nc6 7. Be2 h6 8. Bh4
g5 9. Bg3 Nh5 10. d5 Nxg3 11. hxg3 Ne5 12. Nxe5 dxe5 13. g4 e4 14. Nxe4 e6 15.
Nc3 exd5 16. cxd5 c6 17. dxc6 bxc6 18. Qxd8 Rxd8 19. Rc1 Be6 20. b3 Bf8 21. f3
Kg7 22. Ba6 Rd7 23. Ke2 Rad8 24. Rhd1 Rxd1 25. Nxd1 Bb4 26. Rc2 h5 27. gxh5 g4
28. Nf2 gxf3+ 29. gxf3 Ba5 30. Nd3 Bd7 31. Ne5 Be8 32. Nd3 Rd5 33. Nf4 Re5 34.
Bb7 Bb6 35. e4 f5 36. Bxc6 fxe4 37. Bxe8 Rxe8 38. Rc6 exf3+ 39. Kxf3 Kh7 40.
Nd5 Rf8+ 41. Rf6 Rb8 42. Nxb6 axb6 43. Ke4 1-0

[Event "Tromso ol (Men) 41st"]
[Site "Tromso"]
[Date "2014.08.08"]
[Round "6.3"]
[White "Santana Otero, Orlando"]
[Black "Glud, Jakob Vang"]
[Result "0-1"]
[WhiteElo "2125"]
[BlackElo "2533"]
[PlyCount "86"]
[EventDate "2014.08.02"]
[EventType "team-swiss"]
[EventRounds "11"]
[EventCountry "NOR"]
[Source "ChessBase"]
[SourceDate "2014.09.17"]
[WhiteTeam "Puerto Rico"]
[BlackTeam "Denmark"]
[WhiteTeamCountry "PUR"]
[BlackTeamCountry "DEN"]

1. e4 e5 2. Nf3 Nc6 3. d3 Nf6 4. Nbd2 Bc5 5. c3 d6 6. Be2 a6 7. O-O Ba7 8. a4
O-O 9. Nc4 h6 10. Be3 Be6 11. Bxa7 Rxa7 12. Ne3 d5 13. Nd2 Ra8 14. Qc2 Qe7 15.
Bf3 d4 16. Nd5 Qd8 17. c4 a5 18. Qb3 Ra7 19. Qa3 Nd7 20. Be2 Re8 21. Rac1 b6
22. Qb3 Nc5 23. Qd1 Bxd5 24. cxd5 Nb4 25. Nc4 Qd7 26. b3 Na2 27. Bg4 Qd8 28.
Rc2 Nc3 29. Rxc3 dxc3 30. Qc2 c6 31. Ne3 cxd5 32. Nxd5 Qg5 33. Bf5 Rd8 34. f4
exf4 35. Nxf4 Nxd3 36. Nxd3 Qe3+ 37. Nf2 Rd2 38. Qc1 Rc7 39. Qe1 Qd4 40. Qc1
Re7 41. g3 g6 42. Bg4 Rxe4 43. Bd1 Re1 0-1

[Event "Tromso ol (Men) 41st"]
[Site "Tromso"]
[Date "2014.08.08"]
[Round "6.4"]
[White "Andersen, Mads"]
[Black "Vazquez Maccarini, Danitza"]
[Result "1-0"]
[WhiteElo "2477"]
[BlackElo "1965"]
[PlyCount "57"]
[EventDate "2014.08.02"]
[EventType "team-swiss"]
[EventRounds "11"]
[EventCountry "NOR"]
[Source "ChessBase"]
[SourceDate "2014.09.17"]
[WhiteTeam "Denmark"]
[BlackTeam "Puerto Rico"]
[WhiteTeamCountry "DEN"]
[BlackTeamCountry "PUR"]

1. Nf3 Nf6 2. g3 e6 3. Bg2 d5 4. O-O Be7 5. b3 c5 6. Bb2 O-O 7. c4 Nc6 8. e3
dxc4 9. bxc4 Qd3 10. Qb3 Qxb3 11. axb3 Nb4 12. Ne5 Ne8 13. Bc3 Bf6 14. d4 Bxe5
15. dxe5 Nc7 16. Rd1 a6 17. Ra5 b6 18. Bxa8 bxa5 19. Bf3 f6 20. Nd2 f5 21. Ra1
Rd8 22. Rxa5 Nd3 23. Kf1 Bd7 24. Be2 Be8 25. Bxd3 Rxd3 26. Rxc5 Rxc3 27. Rxc7
Rc2 28. Nf3 Rc1+ 29. Kg2 1-0